000 00584nam a2200217Ia 4500
003 OSt
005 20220926040329.0
006 a|||||r|||| 00| 0
007 ta
008 220923b |||||||| |||| 00| 0 eng d
037 _cGeneral Book
040 _aRTL
_cRTL
_beng
041 _2eng
_aeng
082 _aX:95851.3.N3, H0
100 _aMillett John D
245 0 _aUnemployment Assistance Board a case study in admi
260 _c1940
650 _aUnemployment
_9231991
942 _hX:95851.3.N3, H0
_cGB
_2CC
999 _c664470
_d664470